| 000 | 00595nam a2200181 a 4500 | ||
|---|---|---|---|
| 001 | 000016533 | ||
| 005 | 20200929164927.0 | ||
| 008 | 100308s1987 dr 001 0 spa d | ||
| 040 |
_aDO-SdBNP _bspa _cBNPHU |
||
| 082 |
_axxx _bW721p |
||
| 100 | 1 |
_aWilliams Zorrilla, Héctor _936032 |
|
| 245 | 1 | 0 |
_aPsicología femenina y masculina del matrimonio / _cHéctor Williams Zorrilla. |
| 260 |
_aSanto Domingo : _bTaller, _c1987. |
||
| 300 |
_a232 p. : _b23 cm. |
||
| 500 | _aIncluye datos biográficos del autor en la contracubierta | ||
| 504 | _aIncluye bibliografías [p. 227-228] | ||
| 049 | _aBNPD | ||
| 999 |
_c16067 _d16067 |
||